| 000 | 01068nam a22001817a 4500 | ||
|---|---|---|---|
| 005 | 20241010084739.0 | ||
| 008 | 241010b ||||| |||| 00| 0 eng d | ||
| 040 | _cSSBUL | ||
| 041 | _aMyanmar | ||
| 082 |
_223 _a၂၉၄.၃၄၃၅၀၉ ကျိုက် _b၉၇၅၆ S-SAT |
||
| 245 | 0 | _aဆံတော်ရှင်ကျိုက်ထီးရိုးစေတီတော်မြတ်ကြီး၏ သမိုင်းမူဟောင်းနှင့် ကျိုက်ပေါလောဘုရားသမိုင်း။ | |
| 250 | _a၁၇ ကြိမ်။ | ||
| 260 |
_aကျိုက်ထို ၊ _bကျိုက်ပေါလောဘုရား ဂေါပကလူကြီးဟောင်း၊ _c၁၉၈၇။ |
||
| 300 |
_a၁၂၉ စာမျက်နှာ ၊ _bပုံများ ၊ _c၁၉ စင်တီ။ |
||
| 500 | _aS-SAT: Dr. Sai Aung Tun | ||
| 650 |
_aဆံတော်ရှင်ကျိုက်ထီးရိုးဘုရား _xသမိုင်း _954991 |
||
| 942 |
_2ddc _cBK1 |
||
| 999 |
_c40964 _d40964 |
||